Nombres de mayores - ¡Muerte súbita! - Estadísticas

Estadísticas generales
  • Esta prueba ha sido intentada 75 veces
  • La puntuación promedio es 11 de 18
Answers on the Grid
Answers color-coded by a green-red scale on the quiz's grid according to % correct below.
Adrián
Agustín
Ana Belén
Ángeles
Catalina
Cristina
Dolores
Elena
Emilia
Emilio
Esperanza
Félix
Iker
Ismael
José Ramón
Josefa
Josefina
Lucía
Manuela
María Dolores
María Teresa
Marta
Mercedes
Pablo
Pilar
Ramón
Rocío
Salvador
 
Estadísticas de respuestas
Respuesta % Correcto
61 María Dolores
78%
62 María Teresa
76%
70 Dolores
74%
70 Josefina
72%
71 Josefa
70%
58 Agustín
65%
57 José Ramón
63%
69 Ángeles
61%
64 Mercedes
59%
62 Esperanza
57%
61 Manuela
57%
60 Ramón
54%
56 Salvador
54%
66 Pilar
50%
67 Emilia
48%
59 Emilio
46%
61 Catalina
43%
60 Félix
39%
No se encontraron pruebas coincidentes
Distribución de puntuación
Porcentaje de gente con cada puntuación
Porcentaje por número respondido
Historial de tus puntuaciones
No has intentado esta prueba.